LEADER 01236nam0-22003491i-450- 001 990000253820403321 005 20001010 035 $a000025382 035 $aFED01000025382 035 $a(Aleph)000025382FED01 035 $a000025382 100 $a20001010d--------km-y0itay50------ba 101 0 $aita 105 $ay-------001yy 200 1 $aANALYSIS and design of certain quantitative multiresponse experiments$fby the late professor S. N. Roy, R.Gnanadesikan and J. N. Srivastava$gwith an Appendix on Computer Algorithms and programs by E. B. Fowlkes, II, and Elisa T. Lee. 210 $aOxford$cPergamon Press$d1971 215 $aX, 304 p. ill. 1 tav. f. t. 26 cm 225 1 $aInternational series of monographs in applied statistics and biometry$v2 610 0 $aProbabilità e statistica 702 1$aFowlkes,$bE. B. ii 702 1$aGnanadesikan,$bR 702 1$aLee,$bElisa T. 702 1$aRoy,$bS. N. 702 1$aSrivastava,$bJ. N. 801 0$aIT$bUNINA$gRICA$2UNIMARC 901 $aBK 912 $a990000253820403321 952 $a09 042-086$b871/L$fDINAE 959 $aDINAE 996 $aANALYSIS and design of certain quantitative multiresponse experiments$9117635 997 $aUNINA DB $aING01 LEADER 00890cam0-2200313---450- 001 990004881570403321 005 20080521154806.0 035 $a000488157 035 $aFED01000488157 035 $a(Aleph)000488157FED01 035 $a000488157 100 $a19990604d1972----km-y0itay50------ba 101 0 $afre 102 $aFR 105 $ay-------001yy 200 1 $a<>enseignement du français$fPierre Clarac 210 $a[Paris]$cPresses universitaire de France$d1972 215 $a151 p.$d18 cm 225 1 $aNouvelle encyclopédie pédagogique$v39 610 0 $aLingua francese$aInsegnamento 676 $a448.007 700 1$aClarac,$bPierre$f<1894-1986>$0183583 801 0$aIT$bUNINA$gRICA$2UNIMARC 901 $aBK 912 $a990004881570403321 952 $a448.007 CLA 1$fFLFBC 959 $aFLFBC 996 $aEnseignement du français$9519923 997 $aUNINA